000 00637aam a2200253 4500
005 20240620155212.0
008 150730b1992 xxu||||| |||| 00| 0 spa d
020 _a9977672067
041 _aESP
082 _a581.972.86 V297c
100 _aVargas Ulate, Gilbert
245 _aCartografía fitogeográfica de la Reserva Biológica Carara
260 _aCosta Rica
260 _bEUCR
260 _c1992
300 _a49 páginas
505 _aIncluye ilustraciones
650 _aCOSTA RICA
650 _aFITOGEOGRAFÍA
650 _aRESERVA BIOLÓGICA DE CARARA
650 _aECOLOGÍA
942 _cBK
_2ddc
999 _c412
_d412